El fumador / (Record no. 177370)

MARC details
000 -LEADER
campo de control de longitud fija 01303nam a22003135i 4500
001 - NÚMERO DE CONTROL
campo de control 177370
003 - IDENTIFICADOR DE NÚMERO DE CONTROL
campo de control ES-MaACL
005 - FECHA Y HORA DE LA ÚLTIMA TRANSACCIÓN
campo de control 20250928134309.0
008 - DATOS DE LONGITUD FIJA--INFORMACIÓN GENERAL
campo de control de longitud fija 110318s2010 sp o |||| | spa d
020 ## - NÚMERO INTERNACIONAL ESTÁNDAR DEL LIBRO
Número Internacional Estándar del Libro 978-84-9850-289-3
080 ## - NÚMERO DE LA CLASIFICACIÓN DECIMAL UNIVERSAL
Número de la Clasificación Decimal Universal 7.036(460.23)(083.824)
245 03 - MENCIÓN DEL TÍTULO
Título El fumador /
Mención de responsabilidad, etc. Serafín Álvarez ... [et al.] ; [a càrrec de Sergi Botella i Mariona Moncunill ; coordinació David Armengol, Amanda Cuesta i Jordi Pino ; traducció a l'anglés, Rubén Verdú].
260 ## - PUBLICACIÓN, DISTRIBUCIÓN, ETC.
Lugar de publicación, distribución, etc. [Barcelona] :
Nombre del editor, distribuidor, etc. Ajuntament de Barcelona,
Fecha de publicación, distribución, etc. D. L. 2010.
300 ## - DESCRIPCIÓN FÍSICA
Extensión [25] p. :
Otras características físicas fot. col. ;
Dimensiones 24 cm.
500 ## - NOTA GENERAL
Nota general Recopilación de las propuestas de los artistas para la exposición El fumador, integrada en la programación de Sant Andreu Contemporani 2010.
546 ## - NOTA DE IDIOMA
Nota de lengua/lenguaje Texto en catalán, español e inglés.
650 #4 - PUNTO DE ACCESO ADICIONAL DE MATERIA--TÉRMINO DE MATERIA
Término de materia o nombre geográfico como elemento de entrada Arte-
Subdivisión geográfica Cataluña-
Subdivisión cronológica S.XX-
Subdivisión de forma Exposiciones.
9 (RLIN) 138262
655 #7 - TERMINO DE INDIZACIÓN--GENERO/FORMA
Fuente del término tgfbne
9 (RLIN) 193628
Datos o término principal de género/forma Catálogos de exposiciones
700 1# - ENTRADA AGREGADA--NOMBRE PERSONAL
Nombre de persona Álvarez, Serafín.
9 (RLIN) 145713
700 1# - ENTRADA AGREGADA--NOMBRE PERSONAL
Nombre de persona Botella, Sergi.
9 (RLIN) 145710
700 1# - ENTRADA AGREGADA--NOMBRE PERSONAL
Nombre de persona Moncunill, Mariona.
9 (RLIN) 145711
700 1# - ENTRADA AGREGADA--NOMBRE PERSONAL
Nombre de persona Armengol, David,
Fechas asociadas al nombre 1974-
9 (RLIN) 145702
700 1# - ENTRADA AGREGADA--NOMBRE PERSONAL
Nombre de persona Cuesta, Amanda.
9 (RLIN) 145703
700 1# - ENTRADA AGREGADA--NOMBRE PERSONAL
Nombre de persona Pino, Jordi.
9 (RLIN) 145704
700 1# - ENTRADA AGREGADA--NOMBRE PERSONAL
Nombre de persona Verdú, Rubén.
9 (RLIN) 145712
852 ## - LOCALIZACIÓN
Ubicación ES-MaACL
Número de control de estantería 2275-F-17
942 ## - ELEMENTOS DE ENTRADA SECUNDARIOS (KOHA)
Fuente del sistema de clasificación o colocación Clasificación decimal universal
Holdings
Estatus retirado Estado de pérdida Estado de daño No para préstamo Colección Biblioteca de origen Biblioteca actual Ubicación en estantería Fecha de adquisición Fuente de adquisición Total de préstamos Signatura topográfica completa Código de barras Visto por última vez Precio de reemplazo Tipo de ítem Koha
        Colección de folletos Biblioteca del Ateneo de Madrid Biblioteca del Ateneo de Madrid Depósito folletos 18/03/2011     2275-F-17 1186292 23/02/2023 23/02/2023 Folleto